Prekvapenie NHL: Florida, prekvapenie Floridy: Švehla

Bibliographic Details
Main Authors: Švehla, Róbert, 1969- (Author), Bednarič, Ján (Author)
Format: Article
Language:Slovak
PhysicalDescription:Obr. 1
Subjects:

MARC

LEADER 00000nab a2200000 a 4500
001 vtls000574054
003 SK-MaSNL
005 20260303013050.0
008 120929c1996 xo 0 slo
015 |a SNBRB19rr/mm-uuuuu 
035 |a CL0574192 
040 |a SNKBUCL  |b slo  |c SNKBUCL  |e AACR2 
041 0 |a slo 
044 |a xo  |c SK 
080 |a 796.966.071  |2 1981 
100 1 |a Švehla, Róbert,  |d 1969-  |4 aut  |9 13432 
245 1 0 |a Prekvapenie NHL: Florida, prekvapenie Floridy: Švehla  |c Róbert Švehla, Ján Bednarič 
300 |b Obr. 1 
600 1 7 |a Švehla, Róbert  |d ?-  |x rozhovory  |2 snkbucl  |9 993428 
655 7 |a články z novín a časopisov  |2 snkbucl  |9 267496 
700 1 |a Bednarič, Ján  |4 aut  |9 11478 
773 0 |t Šport  |g Roč. 50, č. 46 (24. 2. 1996), s. 3 
850 |a Slovenská národná knižnica v Martine  |a MTA001 
852 |a SNK  |b KIS3GCP 
958 |a RK 
992 |a RBX 
999 |c 1600533  |d 1602463